The noble scholar, jurist, historian


 His Excellency Dr. Abdul Wahhab bin Ibrahim Abu Sulaiman, may Allah have mercy on him.


 He was born in Umm Al-Qura in the year 1356 AH.

شرح الفصيح / (Record no. 12711)

MARC details
000 -LEADER
fixed length control field 01545cam a22003251i 4500
003 - CONTROL NUMBER IDENTIFIER
control field SA-RiAUC
005 - DATE AND TIME OF LATEST TRANSACTION
control field 20251022084413.0
008 - FIXED-LENGTH DATA ELEMENTS--GENERAL INFORMATION
fixed length control field 251008s2017____su g 000 0 ara c
020 ## - INTERNATIONAL STANDARD BOOK NUMBER
International Standard Book Number 9786030221721
040 ## - CATALOGING SOURCE
Original cataloging agency SA-RiIMS
Language of cataloging ara
Transcribing agency SA-RiAUC
Description conventions rda
082 ## - DEWEY DECIMAL CLASSIFICATION NUMBER
Classification number 414
090 ## - LOCALLY ASSIGNED LC-TYPE CALL NUMBER (OCLC); LOCAL CALL NUMBER (RLIN)
Classification number (OCLC) (R) ; Classification number, CALL (RLIN) (NR) 414
Local cutter number (OCLC) ; Book number/undivided call number, CALL (RLIN) ا ب ن خ
100 1# - MAIN ENTRY--PERSONAL NAME
Personal name ابن خالويه، الحسين بن أحمد،
Dates associated with a name توفي 370 هجري
Relator term مؤلف.
245 10 - TITLE STATEMENT
Title شرح الفصيح /
Statement of responsibility, etc. الحسين بن أحمد بن خالويه ؛ تحقيق وتعليق عبد الله بن عمر الحاج إبراهيم، خالد بن محمد التويجري، سعيد بن علي العمري.
250 ## - EDITION STATEMENT
Edition statement الطبعة الأولى.
264 #1 - PRODUCTION, PUBLICATION, DISTRIBUTION, MANUFACTURE, AND COPYRIGHT NOTICE
Place of production, publication, distribution, manufacture الرياض :
Name of producer, publisher, distributor, manufacturer مركز البحوث والتواصل المعرفي،
Date of production, publication, distribution, manufacture, or copyright notice 2017
300 ## - PHYSICAL DESCRIPTION
Extent 725 صفحة ؛
Dimensions 24 سم
336 ## - CONTENT TYPE
Content type term نص
Content type code txt
Source rdacontent
Materials specified كتاب
337 ## - MEDIA TYPE
Media type term بدون وسيط
Media type code n
Source rdamedia
338 ## - CARRIER TYPE
Carrier type term مجلد
Carrier type code nc
Source rdacarrier
650 #7 - SUBJECT ADDED ENTRY--TOPICAL TERM
Topical term or geographic name entry element اللغة العربية
General subdivision تعبيرات اصطلاحية
Source of heading or term aucsh
650 #7 - SUBJECT ADDED ENTRY--TOPICAL TERM
Topical term or geographic name entry element اللغة العربية
General subdivision اشتقاق
Source of heading or term aucsh
700 1# - ADDED ENTRY--PERSONAL NAME
Personal name إبراهيم، عبد الله بن عمر الحاج
Relator term محقق.
700 1# - ADDED ENTRY--PERSONAL NAME
Personal name التويجري، خالد بن محمد بن عبد الله
Relator term محقق.
700 1# - ADDED ENTRY--PERSONAL NAME
Personal name العمري، سعيد بن علي
Relator term محقق.
700 12 - ADDED ENTRY--PERSONAL NAME
Personal name ثعلب، أحمد بن يحيى بن زيد،
Dates associated with a name 200-291 هجري
740 02 - ADDED ENTRY--UNCONTROLLED RELATED/ANALYTICAL TITLE
Uncontrolled related/analytical title فصيح اللغة العربية.
942 ## - ADDED ENTRY ELEMENTS (KOHA)
Source of classification or shelving scheme Dewey Decimal Classification
Koha item type Books
Suppress in OPAC No
949 ## - LOCAL PROCESSING INFORMATION (OCLC)
a SA-JeALM
d 251008
u mohamedma123
n 1
Holdings
Withdrawn status Lost status Source of classification or shelving scheme Damaged status Not for loan Home library Current library Date acquired Total checkouts Full call number Barcode Date last seen Price effective from Koha item type
    Dewey Decimal Classification     DR AbdElwahab Library DR AbdElwahab Library 10/22/2025   414 ا ب ن خ 000020481 10/22/2025 10/22/2025 Books